MDQL
is popping MORE tags! Check the
thread
!
Quizzes
Events
Quiz Creation
Community
Videos
Private Events
Remove Ads
Sign In
Join for FREE
Feedback
Dark Mode
Quiz Categories
Sports
Geography
Music
Movies
Television
Just For Fun
Miscellaneous
History
Literature
Language
Science
Gaming
Entertainment
Religion
Holiday
For Kids
Quiz Lab
Recent
Popular Today
Quiz Kudos Today
Editor Picks
Curator Picks
Quizzes by...
Day
Popularity
Type
Ratings
Length
Year
Community
Subscriptions
Recent Discussions
Orange Saloon
Badges
Playlists
Quests
Create
Leaderboards
Showdown
Live 5
Trivia Bingo
Activity
Puzzle Library
Sporcle Events
Private Events
Virtual Trivia
Globe League
Become a Host
Pub Owners
SporcleCon
Opinionation
Our Games
Videos
Blog
Mobile Apps
Partnerships
Remove Ads and Go Orange
Feedback
Gaming
Video Games
Board Games
Card Games
Pokémon
Mario
Nintendo
Minecraft
Console
Toys
Legend of Zelda
Gaming
Video Games
Board Games
Card Games
Pokémon
Mario
Nintendo
Minecraft
Console
Toys
Legend of Zelda
Random Quiz
Search Sporcle
×
Quiz Lab
Quiz Lab
Gaming
Elder Scrolls
Type in answers that appear in a list
Type in answers that appear in a list
Classic
Best Score? Go Orange.
Cities in Elder Scrolls Online Stats
Can you name the Cities in Elder Scrolls Online?
By
danjhamilton
10m
41 Questions
90 Plays
90 Plays
90 Plays
Comments
Comments
Give Quiz Kudos
Give Quiz Kudos
-
- Ratings
hide this ad
More Info
Forced Order
Answers have to be entered in order
Answers have to be entered in order
Replay
Link that replays current quiz
Next Quiz
Link to next quiz in quiz playlist
You Got
0%
They Got
Avg Score
42%
Avg Friend Score
Upgrade to see
Score Distribution
Jump to the score distribution portion of the page
Score
0/41
Timer
10:00
0
Plays Today
Alliance
City
% Correct
Daggerfall Covenant
Daggerfall
70%
Aldmeri Dominion
Elden Root
66.7%
Ebonheart Pact
Riften
66.7%
Ebonheart Pact
Windhelm
62.2%
Neutral
Imperial City
62.2%
Neutral
Anvil
62.2%
Neutral
Orsinium
58.9%
Daggerfall Covenant
Sentinel
55.6%
Daggerfall Covenant
Wayrest
55.6%
Ebonheart Pact
Mournhold
54.4%
Neutral
Kvatch
54.4%
Ebonheart Pact
Ebonheart
51.1%
Ebonheart Pact
Davon's Watch
50%
Neutral
Bruma
50%
Aldmeri Dominion
Arenthia
46.7%
Ebonheart Pact
Stormhold
46.7%
Aldmeri Dominion
Dune
45.6%
Aldmeri Dominion
Firsthold
44.4%
Aldmeri Dominion
Marbruk
44.4%
Aldmeri Dominion
Skywatch
43.3%
Daggerfall Covenant
Evermore
43.3%
Alliance
City
% Correct
Neutral
Abah's Landing
41.1%
Neutral
Cheydinhal
41.1%
Aldmeri Dominion
Vulkhel Guard
40%
Aldmeri Dominion
Mistral
37.8%
Daggerfall Covenant
Shornhelm
37.8%
Aldmeri Dominion
Rawl'kha
36.7%
Daggerfall Covenant
Camlorn
33.3%
Neutral
The Hollow City
33.3%
Aldmeri Dominion
Woodhearth
32.2%
Daggerfall Covenant
Northpoint
31.1%
Ebonheart Pact
Kragenmoor
28.9%
Aldmeri Dominion
Silvenar
27.8%
Daggerfall Covenant
Bergama
27.8%
Daggerfall Covenant
Hallin's Stand
27.8%
Daggerfall Covenant
Port Hunding
27.8%
Aldmeri Dominion
Baandari Trading Post
23.3%
Neutral
Elinhir
23.3%
Daggerfall Covenant
Satakalaam
18.9%
Daggerfall Covenant
Kozanset
17.8%
Daggerfall Covenant
Tava's Blessing
15.6%
Quiz Playlist
Details
Report
Send in Message
Add To Playlist
More Info:
This includes all major cities you can visit in Elder Scrolls Online. DLC included.
Classic:
Type in answers that appear in a list
Forced Order:
Answers have to be entered in order
Quiz Source
Last Updated: Feb 16, 2017
Quiz Scoreboard
CHALLENGE
Sign Up to Join the Scoreboard
Show All
Scores
Hide
Comments
May contain spoilers
Recently Published
Two Season TV Shows II
by 123Four
Television
10m
Image Sorting: Flags VI
by Barbecue
Geography
2m
Find the 'City' Movie
by crazypaving
Movies
60s
More to Explore
Quiz From the Vault
Featured Blog Post
14 Easter Pick-up Lines to Find Eggs With
hide this ad
You Might Also Like...
Tags
Elder Scrolls
Today's Top Quizzes in Gaming
Browse Gaming
hide this ad
Today's Top Quizzes in Elder Scrolls
Browse Elder Scrolls
Top Contributed Quizzes in Gaming
1
League of Legends Pro Players by Career/Team History
2
Destiny 2 exotic weapons by perk icons
3
Genshin Impact Logic Puzzle
4
Genshin murder mystery
5
Dead By Daylight Logic Puzzle
6
4x4 Decades: Video Games
7
Ultimate Genshin Impact Logic Puzzle (up to 4.3)
8
Genshin Impact Logic Puzzle Quiz
9
Overwatch Logic Puzzle
10
Who's on the WWE 2K24 Cover?
Explore More
Trending Topics
Harry Potter
NBA
Kpop
Marvel
Disney
Anime
Crossword
WWE
Pokémon
Song
The Office
Soccer
Puzzle
NFL
Country
hide this ad
More By:
danjhamilton
Quiz
Plays
Rating
Category
Featured
Created
Available Zones in Elder Scrolls Online
110
5.00
Gaming
Sep 20, 2016
Cities in Elder Scrolls Online
90
2.83
Gaming
Jan 22, 2017
Go to Creator's Profile
Score Distribution
Quiz Creator Spotlight
danjhamilton
Follow
Send a Message
Quizzes Created
-
Created Quiz Play Count
-
More By This Creator
Popular Quizzes Today
1
Find the US States - No Outlines Minefield
2
Colored Red Africa Blitz
3
Find the 'City' Movie
4
5x2 Blitz: Bands
5
The Countries of the World
6
Find the Countries of Europe - No Outlines Minefield
7
Find the US States
8
US States
More Gaming Quizzes
Crash Bandicoot Warped: 4th Chamber Levels
Quiz Lab
Trending Quizzes
Colored Red Europe Blitz I
Colored Red Africa Blitz II
Colored Red Europe Blitz II
Colored Red Europe Blitz III
Colored Red Africa Blitz III
Recently Updated
March Madness Men's Triple Doubles
pecheneg
How Do You Spell That?
pecheneg
Godzilla Movies
pecheneg
Grab Bag: 4-10 Letters
pecheneg
2024 March Madness Bracket
pecheneg
Famous TV Couples
Peacemaker
Champions League XIs: Real Madrid
pecheneg
Largest US Cities 1790-2010
pecheneg
Rides in Walt Disney World
pecheneg
Most Oscar Losses (Acting)
pecheneg
Trending Topics
Marvel
Disney
Harry Potter
NBA
Kpop
Crossword
Anime
The Office
NFL
Song
Soccer
WWE
Pokémon
Country
Puzzle
Your Account Isn't Verified!
In order to create a playlist on Sporcle, you need to verify the email address you used during registration. Go to your
Sporcle Settings
to finish the process.
Report this User
Report this user for behavior that violates our
Community Guidelines
.
Details:
Send Report
Go to the Sporcle.com Mobile Site →
Comments